Countries with the Most Muslims with Exceptions - Statistics

General Stats
  • This quiz has been taken 472 times
  • The average score is 13 of 17
Answer Stats
# Muslims % Country % Correct
3.64 mil 1.1 United States
97%
195 mil 14.2 India
96%
43.1 mil 3.0 China
94%
5.74 mil 5.6 France
92%
4.27 mil 6.3 United Kingdom
92%
24.8 mil 17.0 Russia
91%
4.27 mil 5.1 Germany
89%
38.9 mil 33.9 Ethiopia
82%
8.95 mil 10.0 D.R. Congo
78%
20.9 mil 35.0 Tanzania
77%
6.02 mil 11.2 Kenya
76%
5.46 mil 17.6 Ghana
65%
12.0 mil 11.0 Philippines
64%
8.22 mil 31.0 Cameroon
61%
6.40 mil 14.0 Uganda
61%
5.59 mil 17.9 Mozambique
58%
3.82 mil 20.0 Malawi
30%
No matching quizzes found
Score Distribution
Percent of People with Each Score
Percentile by Number Answered
Your Score History
You have not taken this quiz